Pokémon - Cartes Dracaufeu - Statistiques

Statistiques générales
  • Ce quiz a été pris 12 fois
  • Le résultat moyen est 9 sur 33
Statistiques - réponses
Bloc et
année de sortie de la série
Nom de la carte Réponse % Correct
Wizards (1999) Dracaufeu Set de base
80%
Écarlate et Violet (2023) Dracaufeu ex Flammes Obsidiennes
50%
Wizards (2001) Dracaufeu Obscur Team Rocket
50%
Écarlate et Violet (2023) Dracaufeu ex 151
40%
XY (2014) DracaufeuEX/MDracaufeuEX Étincelles
40%
XY (2016) Dracaufeu/DracaufeuEX/MDracaufeuEX Évolutions
40%
EX (2005) Dracaufeu ex Rouge Feu & Vert Feuille
40%
Diamant et Perle (2009) Dracaufeu Tempête
40%
Épée et Bouclier (2021) DracaufeuVMAX Destinées Radieuses
30%
EX (2004) Dracaufeu Dragon
30%
Wizards (2003) Dracaufeu Expédition
30%
EX (2007) Dracaufeu Star Iles des Dragons
30%
Soleil et Lune (2017) Dracaufeu GX Ombres Ardentes
30%
Noir et Blanc (2013) Dracaufeu Tempête Plasma
30%
Platine (2010) Dracaufeu G/Dracaufeu G Niv.X Vainqueurs Suprêmes
30%
Épée et Bouclier (2021) Dracaufeu Célébrations
20%
Écarlate et Violet (2024) Dracaufeu ex Destinées de Paldea
20%
Soleil et Lune (2019) Dracaufeu Duo de Choc
20%
Noir et Blanc (2013) Dracaufeu Frontières Franchies
20%
EX (2007) Dracaufeu δ Espèces Delta Gardiens de Cristal
20%
EX (2008) Dracaufeu Gardiens du Pouvoir
20%
XY (2016) Dracaufeu/DracaufeuEX/MDracaufeuEX Générations
20%
Diamant et Perle (2008) Dracaufeu Merveilles Secrètes
20%
Wizards (2002) Dracaufeu Brillant Neo Destiny
20%
Épée et Bouclier (2022) Dracaufeu Origine Perdue
20%
Épée et Bouclier (2022) DracaufeuV/DracaufeurVSTAR Stars Étincelantes
20%
Épée et Bouclier (2020) Dracaufeu Voltage Éclatant
20%
Épée et Bouclier (2023) DracaufeuV/DracaufeuVSTAR/Dracaufeu Radieux Zénith Suprême
20%
Soleil et Lune (2019) Reshiram et Dracaufeu GX Alliance Infaillible
10%
Soleil et Lune (2019) Dracaufeu GX Destinées Occultes
10%
Soleil et Lune (2019) Dracaufeu et Roussil GX Éclipse Cosmique
10%
Épée et Bouclier (2020) DracaufeuV/DracaufeuVMAX Ténèbres Embrasées
10%
Épée et Bouclier (2020) DracaufeuV/DracaufeuVMAX La Voie du Maître
0%
Aucun quiz correspondant
Distribution des résultats
% des personnes avec chaque résultat
Percentile par nombre de réponses
Votre historique - résultats
Vous n’avez pas pris ce quiz